[Event "Ct. Catalunya Absolut Final ( elim. )"]
[Site "?"]
[Date "2012.05.19"]
[Round "8"]
[White "Narciso Dublan, M."]
[Black "Muñoz Pantoja, M."]
[Result "1/2-1/2"]
[WhiteElo "2541"]
[BlackElo "2484"]
[PlyCount "146"]
[EventDate "2012.??.??"]
[EventType "match"]

1. e4 c5 2. Nf3 Nc6 3. d4 cxd4 4. Nxd4 e5 5. Nf5 d5 6. Qxd5 Qc7 7. Nc3 Nf6 8.
Qd3 Bxf5 9. exf5 Bb4 10. Bd2 Rd8 11. Qe3 Bxc3 12. Bxc3 O-O 13. Bd3 Nd5 14. Qc5
e4 15. Bb5 Qf4 16. Bxc6 bxc6 17. O-O Qxf5 18. Rad1 Qg4 19. h3 Qg6 20. Bd2 f5
21. c4 Nc7 22. Bc1 h6 23. b4 Kh7 24. Rxd8 Rxd8 25. b5 f4 26. Bxf4 Ne6 27. Qe5
cxb5 28. Be3 bxc4 29. Rc1 Rc8 30. Bxa7 Ng5 31. Kh2 Ra8 32. Be3 Nf7 33. Qf4 Ra4
34. Kh1 Qe6 35. Rc2 Rb4 36. Bd2 Rb1+ 37. Kh2 Rb5 38. Bc1 Ra5 39. a3 Ng5 40. Qc7
Ra4 41. Bxg5 hxg5 42. Qc5 Kh6 43. Rc3 Qf6 44. Rg3 Ra6 45. Qxc4 Re6 46. Qe2 Qf4
47. Qe3 Rf6 48. Kg1 Rd6 49. a4 Rd1+ 50. Kh2 Rd3 51. Qxf4 gxf4 52. Rg4 g5 53. h4
Kh5 54. Rxg5+ Kxh4 55. Re5 Rd4 56. a5 Ra4 57. a6 Rxa6 58. Rxe4 Kg5 59. Re1 Ra2
60. Kg1 Kf5 61. Kf1 Kg4 62. Rd1 Rb2 63. Ke1 Ra2 64. Rd4 Ra1+ 65. Ke2 Ra2+ 66.
Rd2 Ra1 67. Kd3 Ra3+ 68. Ke4 Ra4+ 69. Ke5 Ra5+ 70. Ke4 Ra4+ 71. Kd5 Ra5+ 72.
Ke6 Ra6+ 73. Ke5 Ra5+ 1/2-1/2

[Event "Ct. Catalunya Absolut Final ( ráp. )"]
[Site "?"]
[Date "2012.05.13"]
[Round "1"]
[White "Asis Gargatagli, H."]
[Black "Sanchez Ibern, M."]
[Result "1-0"]
[WhiteElo "2473"]
[BlackElo "2359"]
[PlyCount "67"]
[EventDate "2012.??.??"]
[EventType "match (rapid)"]

1. e4 c5 2. Nf3 d6 3. d4 Nf6 4. Nc3 cxd4 5. Nxd4 Nc6 6. f3 e5 7. Nb3 Be7 8. Be3
Be6 9. Nd5 Bxd5 10. exd5 Nb8 11. Qd2 Nbd7 12. Na5 Qc7 13. c4 O-O 14. Be2 Nh5
15. g3 f5 16. O-O-O Nhf6 17. Kb1 Nb8 18. c5 b6 19. cxd6 Bxd6 20. Rc1 Qf7 21.
Nc4 Ne8 22. f4 exf4 23. gxf4 Nd7 24. Rhg1 Bc5 25. Ne5 Bxe3 26. Qxe3 Nxe5 27.
fxe5 f4 28. Qd4 f3 29. Bd3 f2 30. Rgf1 Rd8 31. d6 Nc7 32. Rxc7 Qxc7 33. Bxh7+
Kh8 34. Bg6 1-0

[Event "Ct. Catalunya Absolut Final ( ráp. )"]
[Site "?"]
[Date "2012.05.13"]
[Round "1"]
[White "Fluvia Poyatos, Jordi"]
[Black "Perez Mitjans, O."]
[Result "0-1"]
[WhiteElo "2467"]
[BlackElo "2471"]
[PlyCount "92"]
[EventDate "2012.??.??"]
[EventType "match (rapid)"]

1. Nf3 Nf6 2. g3 c5 3. Bg2 g6 4. O-O Bg7 5. d3 O-O 6. e4 Nc6 7. Re1 d6 8. Nbd2
Rb8 9. c3 b5 10. d4 e5 11. dxe5 dxe5 12. a4 b4 13. Qe2 Qe7 14. Nf1 Na5 15. Bg5
h6 16. Bxf6 Bxf6 17. Ne3 Qb7 18. Nd5 Bg7 19. Nd2 Be6 20. Rac1 Rfc8 21. h4 h5
22. Kh2 Kh8 23. Bh3 Bh6 24. Rcd1 bxc3 25. bxc3 Bxh3 26. Kxh3 Qd7+ 27. Kg2 Rb2
28. Ne3 Qxa4 29. Qd3 Bxe3 30. Qxe3 Qc2 31. Nf3 Nc4 32. Qh6+ Kg8 33. Rd2 Nxd2
34. Ng5 Rc7 35. Qh7+ Kf8 36. Qh8+ Ke7 37. Qxe5+ Kd7 38. Nxf7 Qd3 39. Qf4 Kc8
40. Nd6+ Kd7 41. Nf7 Nc4 42. e5 Qd5+ 43. Kg1 Nd2 44. e6+ Kc6 45. e7 Rxe7 46.
Rxe7 Rb1+ 0-1

[Event "Ct. Catalunya Absolut Final ( ráp. )"]
[Site "?"]
[Date "2012.05.13"]
[Round "1"]
[White "Martinez Ramirez, E."]
[Black "Muñoz Pantoja, M."]
[Result "1-0"]
[WhiteElo "2296"]
[BlackElo "2484"]
[PlyCount "75"]
[EventDate "2012.??.??"]
[EventType "match (rapid)"]

1. e4 g6 2. d4 Bg7 3. Nc3 d6 4. f4 Nf6 5. Nf3 c6 6. Bd3 O-O 7. O-O d5 8. e5 Ng4
9. f5 Nh6 10. fxg6 fxg6 11. Bg5 Bg4 12. Qd2 Nf7 13. Bh4 Bxf3 14. Rxf3 Qb6 15.
Bf2 Bh6 16. Be3 Bxe3+ 17. Qxe3 e6 18. Raf1 Nd7 19. Ne2 c5 20. c3 cxd4 21. cxd4
Rae8 22. h4 Qd8 23. h5 Qg5 24. Nf4 Nh6 25. hxg6 Ng4 26. gxh7+ Kh8 27. Qe1 Rf5
28. Bxf5 exf5 29. Nh3 Qh6 30. Qc1 Qb6 31. Rxf5 Qxd4+ 32. Kh1 Ne3 33. R1f4 Qd3
34. Rf7 Nxe5 35. Rf8+ Rxf8 36. Rxf8+ Kxh7 37. Qc7+ Kg6 38. Nf4+ 1-0

[Event "Ct. Catalunya Absolut Final ( ráp. )"]
[Site "?"]
[Date "2012.05.13"]
[Round "2"]
[White "Muñoz Pantoja, M."]
[Black "Martinez Ramirez, E."]
[Result "1-0"]
[WhiteElo "2484"]
[BlackElo "2296"]
[PlyCount "65"]
[EventDate "2012.??.??"]
[EventType "match (rapid)"]

1. e4 c5 2. Nf3 g6 3. c4 Bg7 4. d4 cxd4 5. Nxd4 Nc6 6. Nc3 Nf6 7. Be3 d6 8. Be2
O-O 9. O-O Nxd4 10. Bxd4 Bd7 11. Qd2 Bc6 12. f3 a5 13. b3 Nd7 14. Be3 Nc5 15.
Rab1 Qb6 16. Nb5 Rfc8 17. h4 h5 18. Rf2 Qd8 19. Nc3 Kh7 20. Nd5 Bxd5 21. exd5
Qf8 22. Qc2 Nd7 23. g4 Nf6 24. Qd3 Kg8 25. Rg2 hxg4 26. fxg4 Nd7 27. Rf1 Ne5
28. Qe4 Bh6 29. g5 Bg7 30. h5 Qd8 31. hxg6 Nxg6 32. Rxf7 Kxf7 33. Qe6+ 1-0

[Event "Ct. Catalunya Absolut Final ( ráp. )"]
[Site "?"]
[Date "2012.05.13"]
[Round "2"]
[White "Perez Mitjans, O."]
[Black "Fluvia Poyatos, Jordi"]
[Result "1-0"]
[WhiteElo "2471"]
[BlackElo "2467"]
[PlyCount "53"]
[EventDate "2012.??.??"]
[EventType "match (rapid)"]

1. e4 d6 2. d4 Nf6 3. Nc3 g6 4. Bg5 Bg7 5. f3 O-O 6. Qd2 a6 7. O-O-O b5 8. Bh6
Nbd7 9. h4 c5 10. dxc5 Nxc5 11. h5 Qa5 12. hxg6 fxg6 13. Bxg7 Kxg7 14. Qh6+ Kf7
15. g4 b4 16. Bc4+ Be6 17. Nd5 Bxd5 18. Rxd5 e6 19. Rd1 b3 20. axb3 d5 21. exd5
exd5 22. Rxd5 Nxd5 23. Bxd5+ Ke7 24. Qe3+ Kd6 25. Bxa8 Rxa8 26. Kb1 Ra7 27.
Qd4+ 1-0

[Event "Ct. Catalunya Absolut Final ( ráp. )"]
[Site "?"]
[Date "2012.05.13"]
[Round "2"]
[White "Sanchez Ibern, M."]
[Black "Asis Gargatagli, H."]
[Result "0-1"]
[WhiteElo "2359"]
[BlackElo "2473"]
[PlyCount "68"]
[EventDate "2012.??.??"]
[EventType "match (rapid)"]

1. e4 Nf6 2. e5 Nd5 3. d4 d6 4. c4 Nb6 5. exd6 exd6 6. Nc3 Nc6 7. Be3 Be7 8.
Bd3 O-O 9. Nge2 Nb4 10. a3 Nxd3+ 11. Qxd3 c6 12. h4 d5 13. c5 Nc4 14. Bc1 b6
15. b3 Na5 16. Nd1 bxc5 17. dxc5 Rb8 18. b4 Nc4 19. Nd4 Bf6 20. Ra2 Re8+ 21.
Ne3 Ba6 22. Nxc6 Nxe3 23. Qxa6 Nxg2+ 24. Kd1 Re6 25. b5 Qe8 26. Bd2 Rc8 27.
Qxa7 d4 28. Qa4 Rexc6 29. bxc6 Qe4 30. Kc1 Nf4 31. Bxf4 Qxh1+ 32. Qd1 Qxc6 33.
Rc2 Qa6 34. Qg4 Rxc5 0-1

[Event "Ct. Catalunya Absolut Final ( ráp. )"]
[Site "?"]
[Date "2012.05.15"]
[Round "3"]
[White "Lopez Martinez, JM."]
[Black "Fluvia Poyatos, Joan"]
[Result "0-1"]
[WhiteElo "2506"]
[BlackElo "2490"]
[PlyCount "108"]
[EventDate "2012.??.??"]
[EventType "match (rapid)"]

1. e4 c5 2. Nf3 e6 3. d4 cxd4 4. Nxd4 Nc6 5. Nc3 Qc7 6. Be3 Nf6 7. f4 Bb4 8.
Ndb5 Qa5 9. e5 Nd5 10. Bd2 Nxc3 11. Nxc3 d5 12. Bd3 Qb6 13. Qh5 Bd7 14. O-O-O
g6 15. Qh3 Na5 16. g4 O-O-O 17. Ne2 Bxd2+ 18. Rxd2 h5 19. g5 Kb8 20. Qg3 Bb5
21. Qg1 Qxg1+ 22. Rxg1 Bxd3 23. cxd3 Nc6 24. Kb1 Rc8 25. Rc1 Rc7 26. h4 Rhc8
27. a3 d4 28. Rc4 Rd8 29. Rdc2 Rcd7 30. Ng3 Ne7 31. b4 a6 32. Kb2 Nd5 33. Rxd4
Ne3 34. Rxd7 Rxd7 35. Re2 Rxd3 36. Ne4 Nc4+ 37. Kc2 Rxa3 38. Re1 Re3 39. Rxe3
Nxe3+ 40. Kd3 Nf5 41. Kc4 Kc7 42. b5 a5 43. Kc5 b6+ 44. Kc4 Nxh4 45. Nd6 Ng2
46. Nxf7 h4 47. f5 Ne3+ 48. Kd3 Nxf5 49. Nh6 h3 50. Ng4 Ne7 51. Ke2 Nd5 52. Kf3
a4 53. Nf6 Nxf6 54. gxf6 Kd7 0-1

[Event "Ct. Catalunya Absolut Final ( ráp. )"]
[Site "?"]
[Date "2012.05.15"]
[Round "3"]
[White "Perez Mitjans, O."]
[Black "Narciso Dublan, M."]
[Result "1-0"]
[WhiteElo "2471"]
[BlackElo "2541"]
[PlyCount "49"]
[EventDate "2012.??.??"]
[EventType "match (rapid)"]

1. e4 e5 2. Nc3 Nf6 3. f4 d5 4. fxe5 Nxe4 5. Qf3 f5 6. d3 Nxc3 7. bxc3 d4 8.
Qg3 dxc3 9. Be2 Qd7 10. Nh3 Nc6 11. Ng5 g6 12. e6 Qe7 13. O-O Bg7 14. Kh1 O-O
15. Qh3 Bf6 16. Ba3 Bxg5 17. Bxe7 Bxe7 18. Rab1 Nd4 19. Bd1 b6 20. Qe3 Rd8 21.
Qe5 Rd6 22. Qe1 Rc6 23. Rf4 Bf6 24. e7 Bd7 25. Rxd4 1-0

[Event "Ct. Catalunya Absolut Final ( ráp. )"]
[Site "?"]
[Date "2012.05.15"]
[Round "4"]
[White "Fluvia Poyatos, Joan"]
[Black "Lopez Martinez, JM."]
[Result "0-1"]
[WhiteElo "2490"]
[BlackElo "2506"]
[PlyCount "96"]
[EventDate "2012.??.??"]
[EventType "match (rapid)"]

1. e4 c5 2. Nc3 a6 3. Nge2 e6 4. d4 cxd4 5. Nxd4 Qc7 6. Be3 Nf6 7. Bd3 Bb4 8.
O-O Bxc3 9. bxc3 d6 10. c4 Nbd7 11. f4 b6 12. Qf3 Bb7 13. Nb3 O-O 14. g4 d5 15.
cxd5 exd5 16. exd5 Nxd5 17. Bd4 Nb4 18. Qh3 Nxd3 19. cxd3 Qc6 20. Bb2 Rfe8 21.
Nd4 Qa4 22. Rf2 Rac8 23. g5 Nc5 24. f5 Rcd8 25. g6 fxg6 26. fxg6 hxg6 27. Rf4
g5 28. Rg4 Bc8 29. Rf1 Bxg4 30. Qxg4 Nxd3 31. Qf5 Nf4 32. Nf3 Qd7 33. Qxd7 Rxd7
34. Nxg5 Nd3 35. Bc3 b5 36. a3 Rc8 37. Bd2 Rc2 38. Be3 Re2 39. Bb6 Re1 40. Rxe1
Nxe1 41. Kf2 Nc2 42. Bc5 Rd3 43. Ke2 Rb3 44. Ne6 Nxa3 45. Bd4 Nc4 46. Nxg7 a5
47. Ne8 a4 48. Kd1 Rd3+ 0-1

[Event "Ct. Catalunya Absolut Final ( ráp. )"]
[Site "?"]
[Date "2012.05.17"]
[Round "5"]
[White "Narciso Dublan, M."]
[Black "Fluvia Poyatos, Joan"]
[Result "1-0"]
[WhiteElo "2541"]
[BlackElo "2490"]
[PlyCount "67"]
[EventDate "2012.??.??"]
[EventType "match (rapid)"]

1. d4 Nf6 2. c4 e6 3. g3 d5 4. Bg2 Be7 5. Nf3 O-O 6. O-O dxc4 7. Qc2 a6 8. a4
Bd7 9. Rd1 Bc6 10. Nc3 Bb4 11. Bg5 h6 12. Bxf6 Qxf6 13. e4 b5 14. axb5 axb5 15.
Rxa8 Bxa8 16. Nxb5 c6 17. Nc3 c5 18. d5 exd5 19. Nxd5 Bxd5 20. Rxd5 Nc6 21. e5
Qe6 22. Rd6 Qe8 23. e6 Na5 24. Ne5 fxe6 25. Be4 Rf6 26. Qd1 Rf8 27. Qg4 h5 28.
Qg5 Rf6 29. Rd7 Qf8 30. Ng6 Qe8 31. Re7 Qd8 32. Qxh5 Rxg6 33. Bxg6 Qd1+ 34.
Qxd1 1-0

[Event "Ct. Catalunya Absolut Final ( ráp. )"]
[Site "?"]
[Date "2012.05.17"]
[Round "6"]
[White "Fluvia Poyatos, Joan"]
[Black "Narciso Dublan, M."]
[Result "0-1"]
[WhiteElo "2490"]
[BlackElo "2541"]
[PlyCount "106"]
[EventDate "2012.??.??"]
[EventType "match (rapid)"]

1. e4 e6 2. d4 d5 3. Nc3 Bb4 4. e5 b6 5. a3 Be7 6. b4 c5 7. Rb1 Nc6 8. Bb5 Bd7
9. Bxc6 Bxc6 10. b5 Bd7 11. Nf3 h5 12. O-O Nh6 13. Bxh6 Rxh6 14. a4 Rc8 15. Ne2
cxd4 16. Nfxd4 Rc4 17. f4 Qc7 18. c3 Rh8 19. Kh1 g6 20. Nf3 Kf8 21. Nd2 Rc5 22.
Rf3 Kg7 23. Qe1 Qc8 24. Qg3 a6 25. Nd4 h4 26. Qh3 axb5 27. axb5 Rh5 28. N2b3
Rc4 29. Ra1 Bc5 30. Rd3 Be7 31. Qe3 Qb8 32. Ra6 Bc5 33. Qf3 Qe8 34. Nxc5 bxc5
35. Nc6 Bxc6 36. Rxc6 Qa8 37. Rd1 Qa4 38. Rb6 Rxf4 39. Qd3 c4 40. Qb1 Rhf5 41.
Rg1 Qa7 42. Ra6 Qb7 43. b6 h3 44. Ra7 hxg2+ 45. Kxg2 Qb8 46. Ra2 Qb7 47. Ra7
Qb8 48. Kh1 Rf2 49. b7 Qxe5 50. Rxg6+ Kxg6 51. Qg1+ Rg5 52. Qb1+ Kg7 53. b8=Q
Rxh2# 0-1

[Event "Ct. Catalunya Absolut Final ( ráp. )"]
[Site "?"]
[Date "2012.05.19"]
[Round "7"]
[White "Muñoz Pantoja, M."]
[Black "Narciso Dublan, M."]
[Result "1-0"]
[WhiteElo "2484"]
[BlackElo "2541"]
[PlyCount "129"]
[EventDate "2012.??.??"]
[EventType "match (rapid)"]

1. e4 e6 2. g3 d5 3. Bg2 Nf6 4. e5 Nfd7 5. d4 c5 6. c3 Nc6 7. Ne2 Be7 8. Be3
O-O 9. O-O b5 10. f4 cxd4 11. cxd4 Nb6 12. b3 a5 13. a3 b4 14. a4 Ba6 15. f5
exf5 16. Rxf5 Bc8 17. Rf2 f6 18. Nf4 Ra6 19. Bf1 Ra7 20. Bb5 fxe5 21. Bxc6 exf4
22. Bxf4 Bf6 23. Raa2 Re7 24. Qd3 Bh3 25. Rae2 Rxe2 26. Rxe2 Qc8 27. Bb5 Qf5
28. Nd2 Qxd3 29. Bxd3 Bxd4+ 30. Be3 Bxe3+ 31. Rxe3 Nd7 32. Nf3 h6 33. Nd4 Nc5
34. Be2 Ne4 35. g4 Ng5 36. Nc6 Kh8 37. Nxa5 Rc8 38. Re5 Ne4 39. Rxd5 Rc2 40.
Rd3 Rxe2 41. Rxh3 Rb2 42. Rf3 Nc5 43. Rf4 Nd3 44. Rd4 Ne5 45. Rxb4 Nf3+ 46. Kf1
Rd2 47. Rf4 Nxh2+ 48. Ke1 Rg2 49. Nc6 g5 50. Re4 Nf3+ 51. Kd1 h5 52. a5 h4 53.
a6 h3 54. a7 Rd2+ 55. Kc1 Rd8 56. Nxd8 h2 57. Nf7+ Kg7 58. Re1 Nxe1 59. a8=Q
Nd3+ 60. Kd2 Nf2 61. Qh8+ Kxf7 62. Qxh2 Nxg4 63. Qg3 Nf6 64. Kd3 Kg6 65. b4 1-0

[Event "Ct. Catalunya Absolut Final ( ráp. )"]
[Site "?"]
[Date "2012.05.19"]
[Round "8"]
[White "Narciso Dublan, M."]
[Black "Muñoz Pantoja, M."]
[Result "1/2-1/2"]
[WhiteElo "2541"]
[BlackElo "2484"]
[PlyCount "95"]
[EventDate "2012.??.??"]
[EventType "match (rapid)"]

1. e4 c5 2. Nf3 Nc6 3. d4 cxd4 4. Nxd4 Nf6 5. Nc3 e5 6. Nf5 d5 7. exd5 Bxf5 8.
dxc6 Qxd1+ 9. Nxd1 bxc6 10. Ne3 Be6 11. Nc4 Nd7 12. Be3 f6 13. O-O-O Bc5 14.
Bxc5 Nxc5 15. Be2 Ke7 16. Rhe1 Rhd8 17. Rxd8 Rxd8 18. g3 Bxc4 19. Bxc4 g5 20.
Re3 a5 21. Ra3 a4 22. c3 g4 23. Kc2 Ne4 24. Rxa4 Rd2+ 25. Kc1 Rxf2 26. Ra7+ Kd6
27. Rxh7 Nd2 28. Ba6 Nf3 29. Bc8 e4 30. Bxg4 Ne5 31. h3 f5 32. Bh5 Nd3+ 33. Kb1
Rxb2+ 34. Ka1 Rh2 35. a4 Nc5 36. Rh6+ Kc7 37. Be8 Nxa4 38. h4 e3 39. Rxc6+ Kd8
40. Bh5 e2 41. Bxe2 Rxe2 42. Rc4 Nb6 43. Rf4 Re3 44. c4 Rxg3 45. c5 Nd7 46.
Rxf5 Rh3 47. h5 Kc7 48. Kb2 1/2-1/2

[Event "Ct. Catalunya Veterans"]
[Site "?"]
[Date "2012.05.11"]
[Round "1"]
[White "Bautista Sanchez, J."]
[Black "Nicolau Serrato, M."]
[Result "1-0"]
[WhiteElo "2181"]
[BlackElo "1928"]
[PlyCount "73"]
[EventDate "2012.??.??"]
[EventType "swiss"]
[EventRounds "9"]

1. Nf3 d5 2. c4 c6 3. e3 Nf6 4. b3 Bf5 5. Bb2 e6 6. Be2 Nbd7 7. O-O Bd6 8. Nd4
Bg6 9. cxd5 cxd5 10. f4 O-O 11. g4 Bxb1 12. Rxb1 a6 13. g5 Ne8 14. Bg4 g6 15.
Nxe6 fxe6 16. Bxe6+ Rf7 17. Bxd5 Kf8 18. Bxf7 Kxf7 19. Qf3 Rb8 20. Qd5+ Kf8 21.
Qd4 Kf7 22. Qd5+ Kf8 23. Qd4 Kf7 24. Qd5+ Kf8 25. h4 Nb6 26. Qd4 Qd7 27. f5 Ke7
28. Qxb6 gxf5 29. Qd4 Qe6 30. Qc4 Qd7 31. Qg8 Kd8 32. Bf6+ Be7 33. Rf4 Bxf6 34.
gxf6 Kc7 35. f7 Qd3 36. Rc1+ Kb6 37. f8=Q 1-0

[Event "Ct. Catalunya Veterans"]
[Site "?"]
[Date "2012.05.11"]
[Round "1"]
[White "Capelles Prat, R."]
[Black "Simon Padros, E."]
[Result "0-1"]
[WhiteElo "1936"]
[BlackElo "2224"]
[PlyCount "58"]
[EventDate "2012.??.??"]
[EventType "swiss"]
[EventRounds "9"]

1. d4 e6 2. e4 d5 3. Nc3 Bb4 4. Bd3 dxe4 5. Bxe4 Nf6 6. Bd3 O-O 7. Nf3 b6 8. a3
Be7 9. O-O Bb7 10. Be3 Nbd7 11. Re1 c5 12. dxc5 Nxc5 13. Bxc5 Bxc5 14. Ne4 Be7
15. c3 Qc7 16. Qc2 Nd5 17. Neg5 h6 18. Bh7+ Kh8 19. Bg8 Nf6 20. Bxf7 hxg5 21.
Nxg5 Qc6 22. Nf3 Rxf7 23. Qg6 Rff8 24. Ne5 Qe8 25. Qg3 Kg8 26. Ng6 Ne4 27. Qg4
Qf7 28. Re2 Nxf2 29. Qh5 Nh3+ 0-1

[Event "Ct. Catalunya Veterans"]
[Site "?"]
[Date "2012.05.11"]
[Round "1"]
[White "Cerdans Costa, F."]
[Black "Anguera Maestro, J."]
[Result "1/2-1/2"]
[WhiteElo "1907"]
[BlackElo "2154"]
[PlyCount "43"]
[EventDate "2012.??.??"]
[EventType "swiss"]
[EventRounds "9"]

1. d4 d5 2. c4 c6 3. Nf3 Nf6 4. Nc3 e6 5. Bg5 Be7 6. e3 Nbd7 7. Rc1 O-O 8. Bd3
a6 9. cxd5 exd5 10. O-O Re8 11. h3 Ne4 12. Bf4 Ndf6 13. Qc2 Bd6 14. Ne5 Nxc3
15. Qxc3 g6 16. Bh6 Bf8 17. Bg5 Qd6 18. Bf4 Qe6 19. Qc2 Nh5 20. Bh2 Bd6 21.
Rce1 Bxe5 22. Bxe5 1/2-1/2

[Event "Ct. Catalunya Veterans"]
[Site "?"]
[Date "2012.05.11"]
[Round "1"]
[White "Coll Enriquez, L."]
[Black "Sanchez Esteban, E."]
[Result "1-0"]
[WhiteElo "2157"]
[BlackElo "1914"]
[PlyCount "35"]
[EventDate "2012.??.??"]
[EventType "swiss"]
[EventRounds "9"]

1. e4 c5 2. Nc3 d6 3. g3 Nf6 4. Bg2 Nc6 5. d3 g6 6. h3 Bg7 7. f4 e6 8. Be3 Bd7
9. Nge2 Rb8 10. O-O b6 11. Qd2 O-O 12. g4 a6 13. Ng3 Nxg4 14. hxg4 Qh4 15. Kf2
Bd4 16. Nce2 e5 17. f5 Qg5 18. Nxd4 1-0

[Event "Ct. Catalunya Veterans"]
[Site "?"]
[Date "2012.05.11"]
[Round "1"]
[White "Cornudella Felip, J."]
[Black "Buxade Roca, G."]
[Result "0-1"]
[WhiteElo "1863"]
[BlackElo "2120"]
[PlyCount "70"]
[EventDate "2012.??.??"]
[EventType "swiss"]
[EventRounds "9"]

1. Nf3 c5 2. c4 g6 3. Nc3 Bg7 4. e4 Nc6 5. d3 d6 6. Be2 f5 7. O-O Nf6 8. Nd5
O-O 9. a3 Kh8 10. Rb1 fxe4 11. dxe4 Nxe4 12. Bd3 Nf6 13. b4 cxb4 14. axb4 Bg4
15. h3 Nxd5 16. cxd5 Bxf3 17. gxf3 Ne5 18. Be4 Qd7 19. Kg2 Rac8 20. f4 Nf7 21.
Bb2 Nh6 22. Bxg7+ Kxg7 23. Qd2 Rc4 24. f3 Rfc8 25. Rbc1 Qc7 26. Rxc4 Qxc4 27.
Rf2 Ng8 28. Qb2+ Qc3 29. Qb1 Rc4 30. Rc2 Qxb4 31. Rxc4 Qxc4 32. Qxb7 a5 33. Qa7
Qc1 34. f5 Qg5+ 35. Kh1 gxf5 0-1

[Event "Ct. Catalunya Veterans"]
[Site "?"]
[Date "2012.05.11"]
[Round "1"]
[White "Dominguez Rueda, J."]
[Black "Bayarri Ponsa, E."]
[Result "1/2-1/2"]
[WhiteElo "2138"]
[BlackElo "1899"]
[PlyCount "44"]
[EventDate "2012.??.??"]
[EventType "swiss"]
[EventRounds "9"]

1. e4 c5 2. c3 d6 3. d4 cxd4 4. cxd4 Nf6 5. Nc3 a6 6. Nf3 Qc7 7. Bg5 Nbd7 8.
Bd3 h6 9. Bh4 e5 10. O-O g5 11. Bg3 g4 12. Nh4 h5 13. Rc1 Qa5 14. Re1 Bh6 15.
Rb1 O-O 16. Nf5 Bg5 17. Bh4 Bxh4 18. Nxh4 exd4 19. Nf5 dxc3 20. Qc1 Nh7 21. e5
Nxe5 22. b4 Qd8 1/2-1/2

[Event "Ct. Catalunya Veterans"]
[Site "?"]
[Date "2012.05.11"]
[Round "1"]
[White "Garriga Nualart, J."]
[Black "Tey Gali, JM."]
[Result "1-0"]
[WhiteElo "2306"]
[BlackElo "1947"]
[PlyCount "79"]
[EventDate "2012.??.??"]
[EventType "swiss"]
[EventRounds "9"]

1. c4 d5 2. cxd5 Qxd5 3. Nc3 Qd8 4. d4 c6 5. Nf3 Nf6 6. e4 Bg4 7. Be2 Bxf3 8.
Bxf3 e6 9. O-O Be7 10. Bf4 O-O 11. Rc1 Nbd7 12. Qe2 Rc8 13. Rfd1 Re8 14. g4 h6
15. Bg2 Nh7 16. Be3 b6 17. a3 Bf8 18. f4 Qe7 19. e5 c5 20. Ne4 cxd4 21. Bxd4
Rxc1 22. Rxc1 Qd8 23. Qc4 g5 24. Be3 gxf4 25. Bxf4 Nc5 26. Nf2 Qb8 27. b4 Rc8
28. bxc5 Rxc5 29. Qe2 Rxc1+ 30. Bxc1 Bg7 31. Bb2 Nf8 32. Nd3 Qc7 33. h4 Nd7 34.
g5 hxg5 35. hxg5 a5 36. Kh2 Qc4 37. Kh3 Qb3 38. Bf3 b5 39. Nc1 Qa4 40. Bc6 1-0

[Event "Ct. Catalunya Veterans"]
[Site "?"]
[Date "2012.05.11"]
[Round "1"]
[White "Lazaro Porta, A."]
[Black "Grau Brumos, I."]
[Result "0-1"]
[WhiteElo "1926"]
[BlackElo "2168"]
[PlyCount "82"]
[EventDate "2012.??.??"]
[EventType "swiss"]
[EventRounds "9"]

1. c4 Nf6 2. Nc3 g6 3. d4 Bg7 4. e4 d6 5. Nf3 c6 6. Be2 Bg4 7. h3 Bxf3 8. Bxf3
Nbd7 9. Be3 Qc7 10. Rc1 h5 11. g3 e5 12. d5 c5 13. Nb5 Qb8 14. Rb1 a6 15. Nc3
a5 16. O-O O-O 17. Qc2 Nh7 18. Rbe1 Qd8 19. Qd2 Qf6 20. Bg2 g5 21. f4 exf4 22.
gxf4 gxf4 23. Bxf4 Ne5 24. Be3 Qg6 25. b3 Kh8 26. Rf5 Rg8 27. Kh1 Bf6 28. Rg1
Bg5 29. Ne2 Rg7 30. Nf4 Bxf4 31. Bxf4 Nf3 32. Qb2 Nxg1 33. Kxg1 Rag8 34. Kf1 f6
35. Bxd6 Qxg2+ 36. Qxg2 Rxg2 37. Bxc5 Rxa2 38. Rxh5 Rg3 39. Bd4 Rf3+ 40. Ke1
Rxb3 41. d6 Rb1# 0-1

[Event "Ct. Catalunya Veterans"]
[Site "?"]
[Date "2012.05.11"]
[Round "1"]
[White "Valls Mir, J."]
[Black "Tejero Royo, F."]
[Result "0-1"]
[WhiteElo "1881"]
[BlackElo "2132"]
[PlyCount "64"]
[EventDate "2012.??.??"]
[EventType "swiss"]
[EventRounds "9"]

1. d4 d5 2. Nf3 Nf6 3. e3 g6 4. Bd3 Bg7 5. O-O O-O 6. Ne5 Nfd7 7. f4 Nxe5 8.
fxe5 f5 9. Bd2 c5 10. c3 Nc6 11. Qc1 c4 12. Bc2 b5 13. Na3 Qb6 14. b4 a5 15.
Bd1 axb4 16. cxb4 Nxd4 17. exd4 Rxa3 18. Qxa3 Qxd4+ 19. Be3 Qxa1 20. Bf3 Qxe5
21. Rd1 e6 22. Bc5 Re8 23. Qa7 Qf6 24. Qb6 Bd7 25. Qb7 Qf7 26. a3 Be5 27. Re1
Bf6 28. Rd1 h5 29. Qc7 Bc8 30. Qb8 Bd7 31. Qg3 Bg7 32. Qf4 e5 0-1

[Event "Ct. Catalunya Veterans"]
[Site "?"]
[Date "2012.05.11"]
[Round "1"]
[White "Vilageliu Ceballos, JM."]
[Black "Morales Jodar, R."]
[Result "0-1"]
[WhiteElo "2122"]
[BlackElo "1866"]
[PlyCount "74"]
[EventDate "2012.??.??"]
[EventType "swiss"]
[EventRounds "9"]

1. e4 e5 2. Nf3 Nc6 3. Bc4 Nf6 4. Ng5 d5 5. exd5 Na5 6. Bb5+ c6 7. dxc6 bxc6 8.
Be2 h6 9. Nf3 e4 10. Ne5 Qd4 11. Ng4 Bxg4 12. O-O Bxe2 13. Qxe2 Bd6 14. d3 O-O
15. dxe4 Qxe4 16. Be3 Rfe8 17. Nc3 Qh4 18. g3 Qg4 19. f3 Qc4 20. Qd2 Bc5 21.
Bxc5 Qxc5+ 22. Kh1 Nc4 23. Qf4 Rad8 24. Ne4 Nxe4 25. fxe4 Qe7 26. b3 Ne5 27.
Rae1 f6 28. Rf2 Qb4 29. Rfe2 Rd7 30. h4 Red8 31. g4 Rd1 32. Rxd1 Rxd1+ 33. Kg2
Qd4 34. Rf2 Re1 35. g5 Rxe4 36. Qf5 hxg5 37. Qc8+ Kh7 0-1

[Event "Ct. Catalunya Veterans"]
[Site "?"]
[Date "2012.05.12"]
[Round "2"]
[White "Buxade Roca, G."]
[Black "Navarro Alvarez, A."]
[Result "1/2-1/2"]
[WhiteElo "2120"]
[BlackElo "1967"]
[PlyCount "51"]
[EventDate "2012.??.??"]
[EventType "swiss"]
[EventRounds "9"]

1. e4 c5 2. Nc3 Nc6 3. g3 d6 4. Bg2 Nf6 5. d3 Bg4 6. f3 Bh5 7. g4 Bg6 8. h4 h6
9. Be3 Qa5 10. Qd2 e5 11. Nge2 Be7 12. O-O Nd4 13. a3 O-O 14. Ng3 Qd8 15. Kh2
d5 16. g5 hxg5 17. hxg5 Nh7 18. Nxd5 Bxg5 19. Bxg5 Nxg5 20. Kg1 Nge6 21. Ne2
Nc7 22. Nxc7 Qxc7 23. Nxd4 cxd4 24. f4 exf4 25. Rac1 Rac8 26. Rf2 1/2-1/2

[Event "Ct. Catalunya Veterans"]
[Site "?"]
[Date "2012.05.12"]
[Round "2"]
[White "Castan Sanclemente, A."]
[Black "Dominguez Rueda, J."]
[Result "0-1"]
[WhiteElo "1791"]
[BlackElo "2138"]
[PlyCount "26"]
[EventDate "2012.??.??"]
[EventType "swiss"]
[EventRounds "9"]

1. d4 f5 2. c4 Nf6 3. Nc3 e6 4. g3 Be7 5. Bg2 O-O 6. e4 fxe4 7. Nxe4 Nc6 8. Ne2
Nxe4 9. Bxe4 d5 10. Bd3 e5 11. dxe5 Nxe5 12. Bf4 Nf3+ 13. Kf1 Bh3# 0-1

[Event "Ct. Catalunya Veterans"]
[Site "?"]
[Date "2012.05.12"]
[Round "2"]
[White "Coll Sola, J."]
[Black "Bautista Sanchez, J."]
[Result "1/2-1/2"]
[WhiteElo "2042"]
[BlackElo "2181"]
[PlyCount "122"]
[EventDate "2012.??.??"]
[EventType "swiss"]
[EventRounds "9"]

1. e4 c6 2. d4 d5 3. exd5 cxd5 4. c4 Nf6 5. Nc3 g6 6. Qb3 Bg7 7. cxd5 O-O 8.
Be2 Nbd7 9. Bf3 Nb6 10. Nge2 Bg4 11. Bxg4 Nxg4 12. a4 a5 13. O-O Nf6 14. Nf4
Ra6 15. Re1 Qd6 16. Nb5 Qd7 17. Nc3 Rd8 18. Nd3 Qf5 19. Nc5 Nbxd5 20. Nxd5 Nxd5
21. Nxa6 bxa6 22. Be3 Nb4 23. Red1 Nc2 24. Rac1 Nxd4 25. Bxd4 Bxd4 26. Qf3 Qd7
27. Qb3 e5 28. Qc4 Qf5 29. Qe2 Rb8 30. Rc2 Rb4 31. g3 Rxa4 32. Kg2 Rb4 33. Rd3
Qe6 34. Ra3 Qb6 35. Ra2 Kg7 36. h3 a4 37. Kh1 a5 38. Kg2 Qe6 39. Ra3 Qd5+ 40.
Kg1 h5 41. h4 Qb7 42. Ra2 Qd7 43. Ra3 Rb6 44. Qc4 Rxb2 45. Rxb2 Bxb2 46. Rxa4
Qd2 47. Kg2 Bd4 48. Qa2 Qxa2 49. Rxa2 Bc3 50. Kf3 f5 51. Rc2 Bb4 52. Rc7+ Kf6
53. Rc6+ Kf7 54. Ra6 Kg7 55. Ke2 e4 56. f3 exf3+ 57. Kxf3 Kf7 58. Kf4 Be1 59.
Ra7+ Kf6 60. Ra6+ Kg7 61. Ra7+ Kh6 1/2-1/2